000
00292nam a2200097Ia 4500
008
210107s9999 xx 000 0 und d
100
_a
Thomas, B.J. and Roach, D.K.
245
0
_a
Management of Port maintemance: A review of current problems and practices
260
_a
London
_b
HMSO
942
_c
BK
999
_c
10522
_d
10522